Schaum's outline of numerical analysis / (Record no. 29776)

000 -LEADER
fixed length control field 00440 a2200169 4500
003 - CONTROL NUMBER IDENTIFIER
control field NUST
005 - DATE AND TIME OF LATEST TRANSACTION
control field 20180118123743.0
008 - FIXED-LENGTH DATA ELEMENTS--GENERAL INFORMATION
fixed length control field 180118b xxu||||| |||| 00| 0 eng d
020 ## - INTERNATIONAL STANDARD BOOK NUMBER
International Standard Book Number 0070552215
020 ## - INTERNATIONAL STANDARD BOOK NUMBER
International Standard Book Number 9780070552210
082 ## - DEWEY DECIMAL CLASSIFICATION NUMBER
Classification number 519.4
100 1# - MAIN ENTRY--PERSONAL NAME
Personal name Scheid, Francis.
9 (RLIN) 8741
245 10 - TITLE STATEMENT
Title Schaum's outline of numerical analysis /
Statement of responsibility, etc. Francis Scheid.
250 ## - EDITION STATEMENT
Edition statement 2nd ed.
260 ## - PUBLICATION, DISTRIBUTION, ETC.
Place of publication, distribution, etc. [S.l.] :
Name of publisher, distributor, etc. McGraw-Hill,
Date of publication, distribution, etc. 1989.
300 ## - PHYSICAL DESCRIPTION
Extent 471 p. ;
Dimensions 28 cm.
700 ## - ADDED ENTRY--PERSONAL NAME
Personal name Scheid, Francis.
9 (RLIN) 8741
942 ## - ADDED ENTRY ELEMENTS (KOHA)
Institution code [OBSOLETE] SNS
Koha item type Book
Call number prefix 519.4 SCH
Source of classification or shelving scheme
Holdings
Withdrawn status Lost status Damaged status Not for loan Permanent Location Current Location Date acquired Total Checkouts Full call number Barcode Date last seen Date last checked out Price effective from Koha item type
        School of Natural Sciences (SNS) School of Natural Sciences (SNS) 05/26/2016 4 519.4 SCH SNS0001482 03/18/2019 01/30/2019 05/26/2016 Book
© 2023 Central Library, National University of Sciences and Technology. All Rights Reserved.